000 00540nam a2200157 i 4500
001 bg
245 0 _aKatalog Nakładów Rzeczowych nr 7-16 /
_cMinisterstwo Budownictwa i Przemysłu Materiałów Budowlanych ; Centralny Ośr. Badawczo-Projektowy Konstrukcji Metalowych MOSTOSTAL.
254 _aKNR7-16
260 _aWarszawa :
_bWydawnictwa Akcydensowe,
_c1985.
650 9 _aPrzemysł chemiczny
_xnarzędzia i maszyny
655 _aKatalogi
040 _cBPK
041 _apl
942 _cKA
008 s pl f |000 0 pol
999 _c24115
_d24115
856 _uhttp://koha.tu.koszalin.pl/cgi-bin/koha/opac-detail.pl?biblionumber=24115
_yKatalog online BPK